Library Logo

Pioneer International University Library Catalogue

Kopo la mwisho na hadithi nyingine / (Record no. 9322)

MARC details
000 -LEADER
fixed length control field 00441cam a22001457a 4500
005 - DATE AND TIME OF LATEST TRANSACTION
control field 20250901165807.0
008 - FIXED-LENGTH DATA ELEMENTS--GENERAL INFORMATION
fixed length control field 110921s2011 ke a 000 j swa
010 ## - LIBRARY OF CONGRESS CONTROL NUMBER
LC control number 2011348607
020 ## - INTERNATIONAL STANDARD BOOK NUMBER
International Standard Book Number 9789966257772
050 00 - LIBRARY OF CONGRESS CALL NUMBER
Classification number PL 8704 .B33 2011
245 00 - TITLE STATEMENT
Title Kopo la mwisho na hadithi nyingine /
Statement of responsibility, etc. Omar Babu, mhariri.
260 ## - PUBLICATION, DISTRIBUTION, ETC.
Place of publication, distribution, etc. Nairobi, Kenya :
Name of publisher, distributor, etc. East African Educational Publishers,
Date of publication, distribution, etc. 2011.
300 ## - PHYSICAL DESCRIPTION
Extent 168 p. :
Other physical details ill. ;
Dimensions 21 cm.
942 ## - ADDED ENTRY ELEMENTS (KOHA)
Source of classification or shelving scheme Library of Congress Classification
Holdings
Withdrawn status Lost status Source of classification or shelving scheme Damaged status Not for loan Collection Home library Current library Shelving location Date acquired Source of acquisition Total checkouts Full call number Barcode Date last seen Copy number Price effective from Koha item type
    Library of Congress Classification       Main Library Main Library   03/20/2025 Donation from KICD   PL 8704 .B33 2011 PIUD0000208 03/20/2025 1 03/20/2025 Books
    Library of Congress Classification       Main Library Main Library   03/20/2025 Donation from KICD   PL 8704 .B33 2011 PIUD0000514 03/20/2025 2 03/20/2025 Books